| 000 | 01303cam a22003377a 4500 | ||
|---|---|---|---|
| 003 | CHAP | ||
| 005 | 20220329141913.0 | ||
| 008 | 980513d1996 mx r 01010 spa d | ||
| 010 | _a75520 | ||
| 011 | _a76492 | ||
| 020 | _a9706209530 | ||
| 035 | _a86077 | ||
| 040 | _cCHAP | ||
| 082 | 0 | 4 |
_a863 _bS3 |
| 100 | 0 | 0 |
_aSalazar, Severino _ecoord. _9101486 |
| 245 | 1 | 0 |
_aTréboles : _bhomenaje a Jorge López Medel _c/coord. por Severino Salazar |
| 260 |
_aMéxico, D. F. : _bUniversidad Autónoma Metropolitana. Unidad Azcapotzalco, _c1996. |
||
| 300 | _a78 p. | ||
| 410 | 2 | 1 |
_aUAM. Unidad Azcapotzalco. _bDivisión de Ciencias Sociales y Humanidades |
| 490 | 0 | _aBiblioteca de Ciencias Sociales y Humanidades. Serie literatura | |
| 590 |
_aBATCH-UPD _b10 _c20130110 _lUCH01 _h0446 |
||
| 590 |
_aCONVERSION _b10 _c20130109 _lUCH01 _h1341 |
||
| 650 | 1 | 4 |
_aCuentos mexicanos. _930097 |
| 810 | 2 | 1 |
_aUAM. Unidad Azcapotzalco. _bDivisión de Ciencias Sociales y Humanidades _9115979 |
| 830 | 0 | 0 |
_aBiblioteca de Ciencias Sociales y Humanidades. Serie literatura _912286 |
| 901 | _aBK | ||
| 905 | _aLilia Sánchez G. | ||
| 942 | _cLIBRO | ||
| 949 |
_a863 S3 _bBC _cLIBRO _d33724000846911 _eLIBRO _fc.2 _gDonaciØn _h101978 _i86077 _si |
||
| 949 |
_a863 S3 _bBC _cLIBRO _d33724000908778 _eLIBRO _h93207 _i86077 _kDonaciØn _si |
||
| 999 |
_c75520 _d75520 |
||